The countries of the World - Quiz - Statistics

General Stats
  • This quiz has been taken 71 times
  • The average score is 130 of 196
Answers on the Map
Answers color-coded by a green-red scale on the quiz's map according to % correct below.
 
Answer Stats
Country % Correct
Canada
93%
Mexico
93%
Spain
93%
Argentina
91%
Denmark
91%
Italy
91%
Norway
91%
Russia
91%
United Kingdom
91%
United States
91%
Australia
89%
Brazil
89%
Chile
89%
China
89%
Finland
89%
France
89%
Japan
89%
Portugal
89%
Sweden
89%
Germany
87%
Iceland
87%
Ireland
87%
North Korea
87%
South Korea
87%
Greece
85%
India
85%
Peru
85%
Poland
85%
South Africa
85%
Turkey
85%
Ukraine
85%
Albania
83%
Cuba
83%
Egypt
83%
Madagascar
83%
Netherlands
83%
Niger
83%
Colombia
80%
Ecuador
80%
Haiti
80%
New Zealand
80%
Pakistan
80%
Romania
80%
Switzerland
80%
Austria
78%
Belgium
78%
Georgia
78%
Iran
78%
Iraq
78%
Israel
78%
Kazakhstan
78%
Mongolia
78%
Morocco
78%
Oman
78%
Saudi Arabia
78%
Slovakia
78%
Venezuela
78%
Yemen
78%
Bolivia
76%
Bosnia and Herzegovina
76%
Croatia
76%
Czech Republic
76%
Latvia
76%
Nepal
76%
Nigeria
76%
Bulgaria
74%
Dominica
74%
Ethiopia
74%
Hungary
74%
Indonesia
74%
Thailand
74%
Belarus
72%
Democratic Republic of the Congo
72%
Dominican Republic
72%
Jamaica
72%
Jordan
72%
Papua New Guinea
72%
Serbia
72%
Slovenia
72%
Somalia
72%
South Sudan
72%
Sri Lanka
72%
Sudan
72%
Vietnam
72%
Afghanistan
70%
Algeria
70%
Belize
70%
Chad
70%
Estonia
70%
Honduras
70%
Laos
70%
Lithuania
70%
Malaysia
70%
Panama
70%
Paraguay
70%
Uruguay
70%
Costa Rica
67%
Ghana
67%
Guatemala
67%
Kenya
67%
Lebanon
67%
Nicaragua
67%
Philippines
67%
Republic of the Congo
67%
Vatican City
67%
Andorra
65%
Bahamas
65%
Bangladesh
65%
Cyprus
65%
El Salvador
65%
Guinea
65%
Kosovo
65%
North Macedonia
65%
Qatar
65%
Suriname
65%
Syria
65%
Tunisia
65%
United Arab Emirates
65%
Armenia
63%
Central African Republic
63%
Libya
63%
Luxembourg
63%
Uzbekistan
63%
Zimbabwe
63%
Liberia
61%
Mali
61%
Moldova
61%
Myanmar
61%
Turkmenistan
61%
Angola
59%
Azerbaijan
59%
Barbados
59%
Fiji
59%
Guyana
59%
Malta
59%
Namibia
59%
San Marino
59%
Bhutan
57%
Botswana
57%
Cambodia
57%
Cameroon
57%
Kuwait
57%
Monaco
57%
Taiwan
57%
Tanzania
57%
Eritrea
54%
Gambia
54%
Ivory Coast
54%
Liechtenstein
54%
Montenegro
54%
Rwanda
54%
Senegal
54%
Togo
54%
Zambia
54%
Kyrgyzstan
52%
Lesotho
52%
Mauritania
52%
Singapore
52%
Trinidad and Tobago
52%
Antigua and Barbuda
50%
Benin
50%
Djibouti
50%
Grenada
50%
Maldives
50%
Mauritius
50%
Mozambique
50%
Samoa
50%
Bahrain
48%
Federated States of Micronesia
48%
Tajikistan
48%
Uganda
48%
Gabon
46%
Guinea-Bissau
46%
Saint Lucia
46%
Saint Vincent and the Grenadines
46%
Seychelles
46%
Burkina Faso
43%
Equatorial Guinea
43%
Malawi
43%
Brunei
41%
Burundi
41%
Eswatini
41%
Saint Kitts and Nevis
41%
Solomon Islands
41%
Tonga
41%
Cape Verde
39%
Comoros
39%
Sierra Leone
39%
East Timor
37%
Vanuatu
37%
Kiribati
35%
Palau
35%
São Tomé and Príncipe
33%
Marshall Islands
33%
Tuvalu
33%
Nauru
26%
No matching quizzes found
Score Distribution
Percent of People with Each Score
Percentile by Number Answered
Your Score History
You have not taken this quiz